| 000 -LEADER |
| fixed length control field |
00857nam a22001937a 4500 |
| 005 - DATE AND TIME OF LATEST TRANSACTION |
| control field |
20240723114724.0 |
| 008 - FIXED-LENGTH DATA ELEMENTS--GENERAL INFORMATION |
| fixed length control field |
240723s2012 ge ||||| |||| 00| 0 ger d |
| 020 ## - INTERNATIONAL STANDARD BOOK NUMBER |
| International Standard Book Number |
9783476024374 x |
| 041 ## - LANGUAGE CODE |
| Language code of text/sound track or separate title |
ger |
| 080 ## - UNIVERSAL DECIMAL CLASSIFICATION NUMBER |
| Universal Decimal Classification number |
821.112.2.09 N-35 |
| 100 ## - MAIN ENTRY--PERSONAL NAME |
| Personal name |
Niefanger, Dirk |
| 9 (RLIN) |
22903 |
| 245 ## - TITLE STATEMENT |
| Title |
Barock Lehrbuch Germanistik : |
| Remainder of title |
mit 8 Abbildungen / |
| Statement of responsibility, etc. |
Dirk Niefanger |
| 250 ## - EDITION STATEMENT |
| Edition statement |
3.aktualisierte und erweiterte Auflage |
| 264 ## - PRODUCTION, PUBLICATION, DISTRIBUTION, MANUFACTURE, AND COPYRIGHT NOTICE |
| Place of production, publication, distribution, manufacture |
Stuttgart : |
| Name of producer, publisher, distributor, manufacturer |
Verl. J.B. Metzler, |
| Date of production, publication, distribution, manufacture, or copyright notice |
2012. |
| 300 ## - PHYSICAL DESCRIPTION |
| Extent |
1 vol. (VIII-319 p.) ; |
| Other physical details |
ill. ; |
| Dimensions |
23 cm. |
| 653 ## - INDEX TERM--UNCONTROLLED |
| keyword |
Baroque Allemagne Baroque littéraire Littérature allemande 17e siècle Histoire et critique Littérature baroque Histoire et critique Littérature allemande |
| 653 ## - INDEX TERM--UNCONTROLLED |
| keyword |
გერმანული ლიტერატურა ისტორია და კრიტიკა |
| 942 ## - ADDED ENTRY ELEMENTS (KOHA) |
| Source of classification or shelving scheme |
|
| Koha item type |
წიგნი |